| 000 | 00346nam a22001457a 4500 | ||
|---|---|---|---|
| 008 | 210225b ||||| |||| 00| 0 eng d | ||
| 020 | _a9780782119497 | ||
| 041 | _aeng | ||
| 080 | _a004 | ||
| 082 | _a004 | ||
| 100 | _a28 | ||
| 101 | _aSHKI | ||
| 245 |
_aAdministrators Handbook to NetWare 4.11/ IntranetWare _cMoncur, M. G |
||
| 942 |
_2udc _cBK |
||
| 999 |
_c55191 _d55191 |
||